<?xml version="1.0" encoding="UTF-8"?>
<record
    xmlns:xsi="http://www.w3.org/2001/XMLSchema-instance"
    xsi:schemaLocation="http://www.loc.gov/MARC21/slim http://www.loc.gov/standards/marcxml/schema/MARC21slim.xsd"
    xmlns="http://www.loc.gov/MARC21/slim">

  <leader>00834nam a22002537a 4500</leader>
  <controlfield tag="005">20170123162345.0</controlfield>
  <datafield tag="010" ind1=" " ind2=" ">
    <subfield code="a">A-842587</subfield>
  </datafield>
  <datafield tag="020" ind1=" " ind2=" ">
    <subfield code="c">00.00</subfield>
  </datafield>
  <datafield tag="035" ind1=" " ind2=" ">
    <subfield code="a">A-842587</subfield>
  </datafield>
  <datafield tag="037" ind1=" " ind2=" ">
    <subfield code="b">Cen Lib/Ret</subfield>
  </datafield>
  <datafield tag="040" ind1=" " ind2=" ">
    <subfield code="a">DPL</subfield>
    <subfield code="b">UR</subfield>
  </datafield>
  <datafield tag="082" ind1=" " ind2=" ">
    <subfield code="a">239.1</subfield>
    <subfield code="b">&#x627; &#x67E; &#x627; </subfield>
  </datafield>
  <datafield tag="100" ind1=" " ind2=" ">
    <subfield code="a">&#x627;&#x67E;&#x627;&#x62F;&#x6BE;&#x6CC;&#x627;&#x6D2;&#x60C; &#x6A9;&#x627;&#x634;&#x6CC; &#x646;&#x627;&#x62A;&#x6BE; </subfield>
    <subfield code="9">110621</subfield>
  </datafield>
  <datafield tag="245" ind1=" " ind2=" ">
    <subfield code="a">&#x6AF;&#x648;&#x631;&#x648; &#x631;&#x627;&#x648;&#x6CC;&#x62F;&#x627;&#x633; /</subfield>
    <subfield code="c">&#x6A9;&#x627;&#x634;&#x6CC; &#x646;&#x627;&#x62A;&#x6BE; &#x627;&#x67E;&#x627;&#x62F;&#x6BE;&#x6CC;&#x627;&#x6D2; </subfield>
  </datafield>
  <datafield tag="246" ind1=" " ind2=" ">
    <subfield code="a">Guru Ravidaas /</subfield>
    <subfield code="b">by Kashi Nath Upadhyay </subfield>
  </datafield>
  <datafield tag="260" ind1=" " ind2=" ">
    <subfield code="a">&#x67E;&#x646;&#x62C;&#x627;&#x628; </subfield>
    <subfield code="b">&#x631;&#x627;&#x62F;&#x6BE;&#x627; &#x633;&#x648;&#x627;&#x645;&#x6CC; &#x633;&#x62A; &#x633;&#x646;&#x6AF; &#x628;&#x6CC;&#x627;&#x633; </subfield>
    <subfield code="c">1986</subfield>
  </datafield>
  <datafield tag="270" ind1=" " ind2=" ">
    <subfield code="b">&#x67E;&#x646;&#x62C;&#x627;&#x628; </subfield>
  </datafield>
  <datafield tag="300" ind1=" " ind2=" ">
    <subfield code="a">81p.</subfield>
    <subfield code="c">21cm(Hb)</subfield>
  </datafield>
  <datafield tag="650" ind1=" " ind2=" ">
    <subfield code="a">&#x645;&#x630;&#x6C1;&#x628; -- &#x633;&#x6A9;&#x6BE;  </subfield>
    <subfield code="9">130172</subfield>
  </datafield>
  <datafield tag="650" ind1=" " ind2=" ">
    <subfield code="a">&#x633;&#x648;&#x627;&#x646;&#x62D; &#x62D;&#x6CC;&#x627;&#x62A; - &#x631;&#x648;&#x62F;&#x627;&#x633;</subfield>
    <subfield code="9">113362</subfield>
  </datafield>
  <datafield tag="650" ind1=" " ind2=" ">
    <subfield code="a">Religion -- Sikhism</subfield>
    <subfield code="9">130173</subfield>
  </datafield>
  <datafield tag="650" ind1=" " ind2=" ">
    <subfield code="a">Biography -- Ravidaas</subfield>
    <subfield code="9">130174</subfield>
  </datafield>
  <datafield tag="942" ind1=" " ind2=" ">
    <subfield code="2">ddc</subfield>
    <subfield code="c">UR</subfield>
    <subfield code="h">239.1</subfield>
    <subfield code="m">&#x627; &#x67E; &#x627; </subfield>
  </datafield>
  <datafield tag="999" ind1=" " ind2=" ">
    <subfield code="c">108796</subfield>
    <subfield code="d">108796</subfield>
  </datafield>
  <datafield tag="952" ind1=" " ind2=" ">
    <subfield code="0">0</subfield>
    <subfield code="1">0</subfield>
    <subfield code="4">0</subfield>
    <subfield code="7">0</subfield>
    <subfield code="a">L</subfield>
    <subfield code="b">L</subfield>
    <subfield code="d">2016-02-04</subfield>
    <subfield code="e">Cen Lib/Ret</subfield>
    <subfield code="g">0.00</subfield>
    <subfield code="l">0</subfield>
    <subfield code="o">239.1 &#x627; &#x67E; &#x627;</subfield>
    <subfield code="p">A-842587</subfield>
    <subfield code="r">2016-02-04 00:00:00</subfield>
    <subfield code="t">1</subfield>
    <subfield code="v">0.00</subfield>
    <subfield code="w">2016-02-04</subfield>
    <subfield code="y">UR</subfield>
  </datafield>
</record>
